|
|
|
|
| LEADER |
00000nam a2200000 a 4500 |
| 001 |
vtls001322920 |
| 003 |
SK-MaSNL |
| 005 |
20260331203512.0 |
| 008 |
160628s1997 xo o g c 00000dslo |
| 015 |
|
|
|a SNBE1998/03-01669
|
| 020 |
|
|
|a 8096774816
|
| 035 |
|
|
|a SNK000275605
|
| 040 |
|
|
|a SNK
|b slo
|c SNK
|e AACR2
|
| 041 |
0 |
|
|a slo
|a eng
|
| 043 |
|
|
|a e-no---
|
| 044 |
|
|
|a xo
|c SK
|
| 080 |
|
|
|a 75.071.1(481):061.4(083.9)=854=20
|2 1981
|
| 080 |
|
|
|a 069.6.02
|2 1981
|
| 080 |
|
|
|a 929 Nupen, Kjell
|2 1981
|
| 100 |
1 |
|
|a Nupen, Kjell,
|d 1955-
|4 art
|9 48229
|
| 245 |
1 |
0 |
|a Kjell Nupen. Obrazy
|b Múzeum moderného umenia Andy Warhola Medzilaborce júl-august 1997
|
| 260 |
|
|
|a Prešov
|b Cuper
|c 1997
|
| 300 |
|
|
|a [12] s.
|b fareb. fotoreprod.
|c 21 x 21 cm
|
| 500 |
|
|
|a Vydavateľ Múzeum moderného umenia Andy Warhola a Spoločnosť Andy Warhola Medzilaborce
|
| 500 |
|
|
|a Biogr. údaje
|
| 546 |
|
|
|a Súbež. text angl.
|
| 650 |
0 |
7 |
|a výtvarníci
|2 SNKPH
|9 118705
|
| 650 |
0 |
7 |
|a grafika
|2 SNKPH
|9 814
|
| 651 |
|
7 |
|a Nórsko
|2 SNKPH
|9 13218
|
| 655 |
|
7 |
|a katalógy výstav
|2 SNKPH
|9 70445
|
| 710 |
2 |
|
|a Múzeum moderného umenia Andyho Warhola v Medzilaborciach
|4 pbl
|9 73980
|
| 710 |
2 |
|
|a Spoločnosť Andy Warhola (Medzilaborce, Slovensko)
|4 pbl
|9 35738
|
| 919 |
|
|
|a 80-967748-1-6
|
| 958 |
|
|
|a BX
|
| 999 |
|
|
|c 717321
|d 719251
|
| 952 |
|
|
|t P60, <09>, [BOOK], {629}
|a SNK
|b SNK
|y NEVYP
|7 0
|o snkC 215
|i snk402/980306
|0 0
|1 0
|4 0
|d 1998-03-04
|l 0
|r 2005-01-02 00:00:00
|w 2026-02-23
|
| 952 |
|
|
|t P60, <04>, [BOOK], {604}
|a SNK
|b SNK
|y VYP
|7 0
|p 17A0125491
|o snkOSC 19554 D1
|i snkKSP 2251/98
|0 0
|1 0
|4 0
|d 1998-03-04
|l 0
|r 2005-01-02 00:00:00
|w 2026-02-23
|
| 952 |
|
|
|t P60, <03>, [BOOK], {603}
|a SNK
|b SNK
|y PREZ
|7 0
|p 17A0125492
|o snkOSC 19554
|i snkKSP 2250/98
|0 0
|1 0
|4 0
|d 1998-03-04
|l 0
|r 2005-01-02 00:00:00
|w 2026-02-23
|